<?xml version="1.0" encoding="UTF-8"?>
<record
    xmlns:xsi="http://www.w3.org/2001/XMLSchema-instance"
    xsi:schemaLocation="http://www.loc.gov/MARC21/slim http://www.loc.gov/standards/marcxml/schema/MARC21slim.xsd"
    xmlns="http://www.loc.gov/MARC21/slim">

  <leader>01710cam a22002898i 4500</leader>
  <controlfield tag="001">0008062709</controlfield>
  <controlfield tag="003">OSt</controlfield>
  <controlfield tag="005">20260506065050.0</controlfield>
  <controlfield tag="008">250926s2026    quc           00  f fre  </controlfield>
  <datafield tag="020" ind1=" " ind2=" ">
    <subfield code="a">9782898045790</subfield>
  </datafield>
  <datafield tag="020" ind1=" " ind2=" ">
    <subfield code="a">2898045799</subfield>
  </datafield>
  <datafield tag="040" ind1=" " ind2=" ">
    <subfield code="a">QMBN</subfield>
    <subfield code="b">fre</subfield>
    <subfield code="e">rda</subfield>
    <subfield code="c">QMBN</subfield>
  </datafield>
  <datafield tag="050" ind1=" " ind2="4">
    <subfield code="a">PS8603*</subfield>
  </datafield>
  <datafield tag="082" ind1="0" ind2="4">
    <subfield code="a">B 7721sis</subfield>
    <subfield code="2">23/20250926</subfield>
  </datafield>
  <datafield tag="100" ind1="1" ind2=" ">
    <subfield code="a">Bourgault, Catherine,</subfield>
    <subfield code="d">1981-</subfield>
    <subfield code="e">auteur</subfield>
  </datafield>
  <datafield tag="245" ind1="1" ind2="0">
    <subfield code="a">S'il suffisait d'un d&#xE9;tour... /</subfield>
    <subfield code="c">Catherine Bourgault</subfield>
  </datafield>
  <datafield tag="263" ind1=" " ind2=" ">
    <subfield code="a">202604</subfield>
  </datafield>
  <datafield tag="264" ind1=" " ind2="1">
    <subfield code="a">Saint-Jean-sur-Richelieu, Qu&#xEF;&#xBF;&#xBD;bec :</subfield>
    <subfield code="b">&#xEF;&#xBF;&#xBD;ditions JCL,</subfield>
    <subfield code="c">2026</subfield>
  </datafield>
  <datafield tag="300" ind1=" " ind2=" ">
    <subfield code="a">pages cm</subfield>
  </datafield>
  <datafield tag="336" ind1=" " ind2=" ">
    <subfield code="a">texte</subfield>
    <subfield code="b">txt</subfield>
    <subfield code="2">rdacontent</subfield>
  </datafield>
  <datafield tag="337" ind1=" " ind2=" ">
    <subfield code="a">sans m&#xEF;&#xBF;&#xBD;diation</subfield>
    <subfield code="b">n</subfield>
    <subfield code="2">rdamedia</subfield>
  </datafield>
  <datafield tag="338" ind1=" " ind2=" ">
    <subfield code="a">volume</subfield>
    <subfield code="b">nc</subfield>
    <subfield code="2">rdacarrier</subfield>
  </datafield>
  <datafield tag="520" ind1=" " ind2=" ">
    <subfield code="a">Depuis quelques ann&#xE9;es, Laura a trouv&#xE9; refuge &#xE0; l&#x2019;&#xCE;le-Ville, un coin paisible o&#xF9; elle tente de se reconstruire. Entre son emploi comme caissi&#xE8;re &#xE0; l&#x2019;&#xE9;picerie et le r&#xEA;ve encore fragile d&#x2019;ouvrir un caf&#xE9;, elle a l&#x2019;impression d&#x2019;attendre quelque chose qui ne vient pas. De son c&#xF4;t&#xE9;, &#xC9;douard traverse une p&#xE9;riode trouble. Apr&#xE8;s avoir fui son pass&#xE9; et roul&#xE9; sans s&#x2019;arr&#xEA;ter, sa vieille voiture tombe en panne par hasard au milieu de ce village. Leur rencontre est simple et inattendue. Peu &#xE0; peu, une douce attirance s&#x2019;installe entre eux, mais chacun porte un secret capable de tout bouleverser... Et si le d&#xE9;tour pris par &#xC9;douard &#xE9;tait justement ce qu&#x2019;il leur fallait pour retrouver espoir en l&#x2019;avenir ?</subfield>
  </datafield>
  <datafield tag="942" ind1=" " ind2=" ">
    <subfield code="2">ddc</subfield>
    <subfield code="c">ROM ADULTE</subfield>
  </datafield>
  <datafield tag="999" ind1=" " ind2=" ">
    <subfield code="c">18833</subfield>
    <subfield code="d">18833</subfield>
  </datafield>
  <datafield tag="952" ind1=" " ind2=" ">
    <subfield code="0">0</subfield>
    <subfield code="1">0</subfield>
    <subfield code="2">ddc</subfield>
    <subfield code="4">0</subfield>
    <subfield code="7">0</subfield>
    <subfield code="a">HENRYVILLE</subfield>
    <subfield code="b">HENRYVILLE</subfield>
    <subfield code="d">2026-04-25</subfield>
    <subfield code="l">1</subfield>
    <subfield code="o">B 7721sis</subfield>
    <subfield code="p">30001030024873</subfield>
    <subfield code="q">2026-06-20</subfield>
    <subfield code="r">2026-05-09 10:50:14</subfield>
    <subfield code="s">2026-05-09</subfield>
    <subfield code="w">2026-04-25</subfield>
    <subfield code="y">ROM ADULTE</subfield>
  </datafield>
</record>
